000 00414nas a2200193 a 4500
001 6344
003 12702
005 20201118095404.0
008 ||||||n9999 ||| || ||
041 _aspa
082 _220
_a345
100 _aRomero Soto, Luis Enrique
245 0 _aDerecho penal
260 _aBogotá :
_bTemis,
_c1969.
300 _a2v
562 _e0
650 _aDERECHO PENAL
942 _cBKM
999 _c6344
_d6344